Statistics for NFL Players Colleges

Click here to take the quiz!

General Stats

  • This quiz has been taken 44 times
  • The average score is 15 of 23

Answer Stats

PlayerCollege% Correct
Lamar JacksonLouisville
100%
Tom BradyMichigan
100%
Kyler MurrayOklahoma
98%
Josh AllenWyoming
98%
Patrick MahomesTexas Tech
95%
Big BenMiami
90%
Russell WilsonWisconsin
90%
Alvin KamaraTennessee
88%
Stefon DiggsMaryland
80%
Derek CarrFresno State
76%
Mike EvanTexas A&M
76%
Jamal AdamsLSU
73%
Khalil MackBuffalo
63%
Joe FlaccoDelaware
63%
Eddie JacksonAlabama
61%
Cooper KuppEastern Washington
61%
Jimmy GaroppoloEastern Illinois
56%
Keenan AllenCalifornia
51%
Keanu NealFlorida
41%
Kevin ByardMiddle Tennessee State
17%
T.Y. HiltonFIU
15%
John BrownPittsburgh
15%
Malcolm ButlerWest Alabama
10%

Score Distribution

Percentile by Number Answered

Percent of People with Each Score

Your Score History

You have not taken this quiz